000 01068cam a2200277 a 4500
005 20091107113722.0
008 000504s2000 nik 000 0 eng d
010 _aENG-95377
020 _a9788131306048
_c695.00
035 _aEN-78910
037 _bDBAD/PUB
040 _aDPL
082 _a338.1782
100 _aSingh, Tribhuwan.
245 _aSericulture Extension :
_cby Tribhuwan Singh, Madan Mohan Bhat and Mohammad Ashraf Khan
_bprinciples and management /
260 _aNew Delhi
_bA.P.H. Publishing Corporation
_c2009
270 _a4435-36/7, Ansari Road ,
_bNew Delhi
_e110002
300 _a xii 192 p.
_c22 cm.(Hb)
500 _aBibliography ref. & Indexing
700 _aBhat, Madan Mohan
700 _aKhan, Mohammad Ashraf
942 _2ddc
_cEN
_mSIN
_h338.1782
999 _c31537
_d31537